00881nam a2200217Ia 4500001002400000003000900024008004100033040002300074041001300097100002100110245003800131250001500169260003600184300001900220490003400239501012400273942000700397957000600404999004100410952021200451232.7-COM an ge (20063)IT-MiSPE171229s9999||||xx |||||||||||||| ||und|| aIT-MiSPEcIT-MiSPE aITALIANO aAngelo Comastri  0aGesùb...e se fosse tutto vero? a1a ed. (v) aCinisello B.mobSan Paoloc2008 a153 p. c22 cm aDimensioni dello spiritov123 aEdizioni San Paolo srl - Piazza Soncino, 5 - 20092 CINISELLO BALSAMO (MI) (non commercial uses only) ® Copyright 2018 cBK 71 a6907bNOg Copie: 1 c340416d340416 0010406232_000000000000000_7COM_AN_GE_2006371aCINISELLObCINISELLOd2017-12-30l0o232.7-COM an ge (20063)r2017-12-30 00:00:00w2017-12-30yBKz(data import: 20 dicembre 2017) - By Epidotti, Vaglietti.